000 00304nam a22001337a 4500
008 180302b xxu||||| |||| 00| 0 eng d
020 _a9781450412971
041 _aeng
080 _24 ED
_a37
100 _a25
101 _aEDU
245 _aCOACHING PRINCIPLES WORKBOOK
_cJAMES.M
942 _2udc
_cBK
999 _c44033
_d44033